000 01542nam a22004097a 4500
003 CHAP
005 20240507093936.0
008 080331d2005 es a r 00110 spa d
010 _a94661
011 _a95633
020 _a9686708596
035 _a106261
040 _cCHAP
082 0 4 _a519.4
_bQ8
100 1 _aQuintana Hernández, Pedro Alberto.
_993363
245 1 0 _aMétodos numéricos con aplicaciones en excel
_c/por Pedro Alberto Quintana Hernández, Eloísa Bernardett Villalobos Oliver y Ma. del Carmen Cornejo Serrano
260 _aBarcelona :
_bReverté,
_c2005
300 _axvi, 283 p. :
_bilus. ; gráfs. ; diagramas ; + 1 disco compacto de 4 3/4 plgs.
582 8 _aConsultar el disco en la pagina web de la BC
590 _aBATCH-UPD
_b10
_c20130110
590 _aBATCH-UPD
_b10
_c20130110
590 _aBATCH-UPD
_b10
_c20130410
590 _aBATCH-UPD
_b10
_c20130410
590 _aBATCH-UPD
_b10
_c20130914
590 _aBATCH-UPD
_b10
_c20130914
590 _aCONVERSION
_b10
_c20130109
650 1 4 _aAnálisis numérico.
_95991
650 1 4 _aExcel.
_939029
650 1 4 _aLenguajes de programación.
_965989
650 1 4 _aProgramación (Computadoras)
_992368
700 1 _aCornejo Serrano, Ma. del Carmen
_928030
700 1 _aVillalobos Oliver, Eloísa Bernardett.
_9119438
901 _aBK
942 _cLIBRO
_2ddc
949 _a519.4 Q8
_bBC
_cLIBRO
_d33724002048389
_eLIBRO
_gI.c/e
_h109001
_i106261
_si
_t$350.00
949 _a519.4 Q8
_bBC
_cLIBRO
_d33724002048397
_eLIBRO
_fc.2
_gI.c/e
_h109002
_i106261
_si
_t$350.00
999 _c94661
_d94661